Application of New Technological Trends in Library Services and Management (Record no. 199818)

MARC details
000 -LEADER
fixed length control field 00830nam a22002177a 4500
005 - DATE AND TIME OF LATEST TRANSACTION
control field 20240102164015.0
010 ## - LCCN (DPL NO)
LC control number B-756753-758
020 ## - INTERNATIONAL STANDARD BOOK NUMBER
International Standard Book Number 9789392594700
Terms of availability 1225.00
035 ## - SYSTEM CONTROL NUMBER
System control number B-756753-758
037 ## - SOURCE OF ACQUISITION
Stock number Sunnvik Books
082 ## - DEWEY DECIMAL CLASSIFICATION NUMBER
Classification number 020
245 ## - TITLE STATEMENT
Title Application of New Technological Trends in Library Services and Management
260 ## - PUBLICATION, DISTRIBUTION, ETC. (IMPRINT)
Place of publication, distribution, etc New Delhi
Name of publisher, distributor, etc Ess Ess Publications
Date of publication, distribution, etc 2023
270 ## - ADDRESS
Address 4831/24, Ansari Road, Darya Ganj
City New Delhi
Postal code 110002
300 ## - PHYSICAL DESCRIPTION
Extent 269p.
Dimensions 22cm(Hb)
700 ## - ADDED ENTRY--PERSONAL NAME
Personal name Kunwar Singh
Relator term Editor
9 (RLIN) 60249
700 ## - ADDED ENTRY--PERSONAL NAME
Personal name Jadhav,U.S
Relator term Editor
9 (RLIN) 60250
700 ## - ADDED ENTRY--PERSONAL NAME
Personal name Ghante,P.B
Relator term Editor
9 (RLIN) 60251
942 ## - ADDED ENTRY ELEMENTS (KOHA)
Source of classification or shelving scheme Dewey Decimal Classification
Item type English Books
Classification part 020
Call number suffix APP
Holdings
Withdrawn status Lost status Not for loan Collection code Home library Current library Date acquired Source of acquisition Cost, normal purchase price Full call number Barcode Copy number Cost, replacement price Koha item type
      Non-fiction Ashok Vihar Ashok Vihar 02/01/2024 Sunnvik Books /GST-IN4/30.11.23/52/23.11.23/7.12.23 1225.00 020 APP B-756754 1 1225.00 English Books
      Non-fiction Central Jail Tihar Central Jail Tihar 02/01/2024 Sunnvik Books /GST-IN4/30.11.23/52/23.11.23/7.12.23 1225.00 020 APP B-756756 1 1225.00 English Books
      Non-fiction Central Library Central Library 02/01/2024 Sunnvik Books /GST-IN4/30.11.23/52/23.11.23/7.12.23 1225.00 020 APP B-756753 1 1225.00 English Books
      Non-fiction Sarojini Nagar Sarojini Nagar 02/01/2024 Sunnvik Books /GST-IN4/30.11.23/52/23.11.23/7.12.23 1225.00 020 APP B-756757 1 1225.00 English Books
      Non-fiction Shahdara Branch Shahdara Branch 02/01/2024 Sunnvik Books /GST-IN4/30.11.23/52/23.11.23/7.12.23 1225.00 020 APP B-756758 1 1225.00 English Books
      Non-fiction Tri Nagar Tri Nagar 02/01/2024 Sunnvik Books /GST-IN4/30.11.23/52/23.11.23/7.12.23 1225.00 020 APP B-756755 1 1225.00 English Books

© Delhi Public Library
Hit Counter
free hit counter